00664pam a2200181 a 4500020001700000040000800017082002600025100002300051245004000074250001200114260012700126300002900253520015200282650001200434650001200446942000700458999001700465 a0689505639 : cDLC00a307 MAX 1992 A066 Or.1 aHouston, James A.,10aDrifting snow :ban Arctic search / a1st ed. aNew York :bMcElderry Books ;aToronto :bMaxwell Macmillan Canada ;aNew York :bMaxwell Macmillan International,cc1992. a150 p. :bill. ;c22 cm. aHaving been taken from her Arctic home when a tiny child, a teenager returns to look for her parents and learn once again about her Eskimo culture. 0aEskimos 1aEskimos cEK c14223d14223